00767nam a2200169 a 450000100100000000500170001000800410002704000250006810000250009324000480011824501220016626000470028830000360033570000390037195201700041099900170058000004459220201002045502.0140721s1966 ag ac 000 0 spa d aDO-SdBNPbspacBNPHU1 aCarter, V. B.97262310aWinston Churchill as I knew him.lEspañol10aWinston Churchill :btal como le conocí /cViolet Bonham Carter ; traducción del inglés, Federico López Cruz. aBuenos Aires :bEdiciones Selectas,c1966. a416 p. :bil., retrs. ;c20 cm.12aLópez Cruz, Federicoetr.966182 001050718MOaGRbGRcCTd2014-07-21iLF1l0o p44592-10r2020-06-25w2020-06-25y1zPerteneció a la biblioteca personal de Germán Emilio Ornes.ZNo se presta c44081d44081